000
00259nam a2200109Ia 4500
008
190914s9999||||xx |||||||||||||| ||und||
100
_a
Mackenzie , Phan
245
4
_a
The 8051 Microcontroller
260
_a
Canada
_b
Pearson
_c
2006
300
_a
700
942
_c
BK
999
_c
9825
_d
9825